Japan Top League Rugby Teams 2014-15 Season - Statistics

General Stats
  • This quiz has been taken 18 times
  • The average score is 9 of 16
Answer Stats
Answer % Correct
Panasonic Wild Knights
87%
Toyota Shokki Shuttles
73%
Toyota Verblitz
73%
Coca Cola Red Sparks
67%
Suntory Sungoliath
67%
Toshiba Brave Lupus
67%
Kobelco Steelers
60%
Yamaha Jubilo
60%
Ricoh Black Rams
53%
Canon Eagles
47%
Kubota Spears
47%
NTT Docomo Red Hurricanes
47%
NTT Shining Arcs
47%
Kintetsu Liners
40%
NEC Green Rockets
40%
Sanix Blues
33%
No matching quizzes found
Score Distribution
Percent of People with Each Score
Percentile by Number Answered
Your Score History
You have not taken this quiz